| 000 | 01412nam a2200433 c 4500 | ||
|---|---|---|---|
| 001 | 17218 | ||
| 003 | ES-MaCES | ||
| 005 | 20250121135003.0 | ||
| 008 | 050121s2004 sp t 000 | spa d | ||
| 017 |
_aM 45330-2004 _bDL |
||
| 020 | _a848004652X | ||
| 035 | _aCES20050000538m | ||
| 040 |
_aES-MaCES _bspa _cES-MaCES |
||
| 100 | 1 |
_aMontoya Melgar, Alfredo _918942 |
|
| 245 | 1 | 0 |
_aCurso de seguridad y salud en el trabajo _cAlfredo Montoya Melgar, Jaime Pizá Granados, Icíar Alzaga Ruiz |
| 250 | _a[3ª ed.] | ||
| 260 |
_aMadrid _bCentro de Estudios Ramón Areces _c[2004] |
||
| 300 |
_a392 p. _c24 cm |
||
| 500 | _aEd. sacada del pról. de ediciones | ||
| 504 | _aBibliografía: p. 381-392 | ||
| 541 | _cGratuito | ||
| 650 | 4 |
_aseguridad en el trabajo _928348 |
|
| 650 | 4 |
_asalud en el trabajo _928347 |
|
| 650 | 4 |
_aprevención _929707 |
|
| 650 | 4 |
_ariesgo _929564 |
|
| 650 | 4 |
_aderechos de los trabajadores _929924 |
|
| 650 | 4 |
_aderechos de la dirección _929896 |
|
| 650 | 4 |
_aresponsabilidad del empleador _930146 |
|
| 650 | 4 |
_aEspaña _926964 |
|
| 650 | 4 |
_arégimen jurídico _929894 |
|
| 650 | 4 |
_amanual _929264 |
|
| 653 | 1 | 0 | _aSalud |
| 700 | 1 |
_aPizá Granados, Jaime _921113 |
|
| 700 | 1 |
_aAlzaga Ruiz, Icíar _96188 |
|
| 710 | 2 |
_aCentro de Estudios Ramón Areces _eed. _91880 |
|
| 902 | _aLIB Libro | ||
| 942 |
_2CES _cBK _h3.1. |
||
| 999 |
_c17218 _d17218 |
||